Sports Quiz

Random Sports or Rugby Quiz

Irish Lions Captains Quiz Stats

Quiz not verified by Sporcle

Challenge
Share
Tweet
Embed
Score 0/7 Timer 02:00
0 Plays Today
Year Answer % Correct
2005, 2009, 2013Brian O'Driscoll
96.9%
2009, 2013Paul O'Connell
96.6%
2013, 2017Rory Best
90.9%
2001Keith Wood
86.5%
2017Peter O'Mahony
86.3%
2009Ronan O'Gara
70.5%
2009Donncha O'Callaghan
41.8%

You're not logged in!

Compare scores with friends on all Sporcle quizzes.
Join for Free
OR
Log In

You Might Also Like...

Show Comments

Extras

Top Quizzes Today


Score Distribution

Your Account Isn't Verified!

In order to create a playlist on Sporcle, you need to verify the email address you used during registration. Go to your Sporcle Settings to finish the process.

Report this User

Report this user for behavior that violates our Community Guidelines.

Details: